House is a house is a house is a house is a house
Salvato in:
| Autore principale: | |
|---|---|
| Natura: | Libro |
| Pubblicazione: |
Hill House
2004
|
| Tags: |
Aggiungi Tag
Nessun Tag, puoi essere il primo ad aggiungerne!!
|
MARC
| LEADER | 00000nam a22000007a 4500 | ||
|---|---|---|---|
| 008 | 2978303561485510616b ||||| |||| 00| 0 eng d | ||
| 020 | |a 9783035614855m | ||
| 100 | |a Marklee, Johnston | ||
| 245 | |a House is a house is a house is a house is a house |c Johnston Maklee |g 271p | ||
| 260 | |b Hill House |c 2004 |h Los Angeles |i 696249 |i 696250 |l NA 737.J66.M33 |m Johnston Marklee (Fixm) |m Architecture-California-Los Angelis -History 21st Century | ||
| 942 | |a lcc |c BK |e Olagoke, M.A |f 16/06/2021 | ||
| 952 | |0 0 |1 0 |2 lcc |4 0 |7 0 |9 2615 |a HOL |b TL |c LP |d 2021-06-16 |o NA 737.J66.M33 |p 2021-6463 |r 2021-06-16 00:00:00 |w 2021-06-16 |y BK | ||
| 952 | |0 0 |1 0 |2 lcc |4 0 |7 0 |9 2616 |a HOL |b HOL |c LP |d 2021-06-16 |o NA 737.J66.M33 |p 2021-6464 |r 2021-06-16 00:00:00 |w 2021-06-16 |y BK | ||
| 999 | |c 1367 |d 1367 | ||